| 000 | nam a22 a 4500 | ||
|---|---|---|---|
| 999 |
_c417129 _d417129 |
||
| 003 | BLK | ||
| 005 | 20210601104550.0 | ||
| 008 | 210405b bu |||||r|||| 00| | bu d | ||
| 040 | _aBLK | ||
| 041 |
_aBUL _cBUL |
||
| 080 |
_aИздателско дело. Книгоразпространение _b655.4/.5 _z655.4/.5 |
||
| 100 |
_91299 _aПранчов, Стоян Георгиев _eпърви автор |
||
| 139 | _aПранчов, Стоян Георгиев | ||
| 245 |
_aПрактическо ръководство по търговското книгодържание _cСтоян Георгиев Пранчов _nЧ. 1 _pОбщи познания по книгодържанието и простописание |
||
| 260 |
_9217715 _aПловдив _bСобств. изд. _c1898 _f(Пловдив : Центр. печ.) |
||
| 300 | _c24 см | ||
| 380 | _a62 | ||
| 490 |
_9435080 _aКолекция Редки и ценни издания |
||
| 650 | 7 |
_9158829 _aКнигоразпространение |
|
| 760 |
_aПранчов, Стоян Георгиев _h88 с _oЧ.1: Общи познания по книгодържанието и простописание _tПрактическо ръководство по търговското книгодържание |
||
| 852 |
_aРб 898 _bРц |
||
| 942 |
_2udc _cKNG _n0 _s1 |
||
| 944 |
_aCR _c2021-06-01 _kК.Д. |
||
| 999 | _d417129 | ||